000 00794nam a22003010a 4500
001 PT59703
003 AR-LpoUNG
005 20210131231927.0
008 191001s2017||||ag |||||||||||||||||spa d
020 _a9789874237859
_c$14
040 _aAR-LpoUNG
_bspa
_cAR-LpoUNG
_eaacr
041 _aspa
044 _aag
082 0 _a808.068 3 282cap
100 1 _aScaliter, Juan
245 1 0 _aOtra caperucita roja
250 _a1ra. ed.
260 _aBuenos Aires :
_bChirimbote,
_c2017.
300 _a[24] p. :
_bil.
505 0 _aSugerido a partir de 8 aƱos (etiqueta CELESTE)
650 4 _aCUENTOS
650 4 _aLITERATURA
651 4 _aDOCUMENTOS TEORICOS O METODOLOGICOS
653 _aLITERATURA INFANTIL
700 1 _aIglesias, Delia
_eil.
905 _a59703
942 _cLIB
999 _c12681
_d12681